<?xml version="1.0" encoding="utf-8"?>
<?xml-stylesheet type='text/xsl' href='./oai2.xsl'?>
<OAI-PMH xmlns="http://www.openarchives.org/OAI/2.0/" xmlns:xsi="http://www.w3.org/2001/XMLSchema-instance" xsi:schemaLocation="http://www.openarchives.org/OAI/2.0/ http://www.openarchives.org/OAI/2.0/OAI-PMH.xsd">
  <responseDate>2026-06-06T09:31:39Z</responseDate>
  <request verb="GetRecord" metadataPrefix="marcxml" identifier="record_kuniweb_27978">https://kulturerbe.niedersachsen.de/oai</request>
  <GetRecord>
    <record>
      <header>
        <identifier>record_kuniweb_27978</identifier>
        <datestamp>2025-08-28T09:38:22Z</datestamp>
        <setSpec>slg0183</setSpec>
      </header>
      <metadata>
        <marc:record xmlns:marc="http://www.loc.gov/MARC21/slim" xsi:schemaLocation="http://www.loc.gov/MARC21/slim http://www.loc.gov/standards/marcxml/schema/MARC21slim.xsd">
          <marc:leader>12345nkm  22     uu 4500</marc:leader>
          <marc:controlfield tag="001">27978</marc:controlfield>
          <marc:controlfield tag="003">http://kuniweb.gbv.de</marc:controlfield>
          <marc:controlfield tag="005">2024-08-27T11:49:20</marc:controlfield>
          <marc:controlfield tag="008">|           ||||||||||||||||||||||</marc:controlfield>
          <marc:datafield tag="245" ind1="1" ind2="0">
            <marc:subfield code="a">Bildnis Elisabeth Christine, Königin von Preußen</marc:subfield>
          </marc:datafield>
          <marc:datafield tag="720" ind1=" " ind2=" ">
            <marc:subfield code="a">Antoine Pesne</marc:subfield>
          </marc:datafield>
          <marc:datafield tag="720" ind1=" " ind2=" ">
            <marc:subfield code="a">KPM Königliche Porzellanmanufaktur Berlin</marc:subfield>
          </marc:datafield>
          <marc:datafield tag="700" ind1="1" ind2=" ">
            <marc:subfield code="a">Alfred Brödel</marc:subfield>
            <marc:subfield code="e">MalerIn</marc:subfield>
          </marc:datafield>
          <marc:datafield tag="655" ind1=" " ind2="7">
            <marc:subfield code="a">Malerei</marc:subfield>
          </marc:datafield>
          <marc:datafield tag="046" ind1=" " ind2=" ">
            <marc:subfield code="k">1900</marc:subfield>
            <marc:subfield code="k">um 1900</marc:subfield>
          </marc:datafield>
          <marc:datafield tag="260" ind1=" " ind2=" ">
            <marc:subfield code="g">1900</marc:subfield>
            <marc:subfield code="g">um 1900</marc:subfield>
          </marc:datafield>
          <marc:datafield tag="300" ind1=" " ind2=" ">
            <marc:subfield code="a">Höhe: 23,8 cm
Breite: 17,5 cm</marc:subfield>
          </marc:datafield>
          <marc:datafield tag="520" ind1=" " ind2=" ">
            <marc:subfield code="a">Hochovales Bildnis der Elisabeth Christine, Königin von Preußen, geb. Prinzessin von Braunschweig-Wolfenbüttel: Die Dargestellte sitzt auf einem Sofa aus vergoldetem Holz mit goldenem Bezug, das weitgehend vom roten Hermelinmantel verdeckt ist, frontal zum Betrachter. Sie trägt ein kostbar silbern besticktes dunkelblaues Kleid mit Spitzenbesatz am Dekolletee und Ärmeln. Sie trägt mit Armbändern, einer Kette, Ohrgehänge und Haaragraffe eine aufwändige Schmuckgarnitur aus Perlen und Brillanten. Die weiße Kurzhaarperücke wird durch rosa Schleifen ebenso akzentuiert wie die Ärmel.
In der zum Herzen geführten rechten Hand hält sie drei Blumen (Nelken?), während die Linke dem Kleid aufliegt
Auf einem Tisch rechts hinter der Königin liegt eine Krone auf einem flachen Kissen, hinterfangen von einer schweren Draperie in Goldtönen. Der Hintergrund deutet einen Innenraum an. (Städtisches Museum Braunschweig)

Gravur:
"K P M" (auf der Rückseite)

Aufschrift:
"Elisabeth Christine, Königin v. Preußen // n. Antoine Pesne. // g. v. Alfred Brödel." (Signatur, in Schwarz, auf der Rückseite)

Aufschrift:
"AB" (Signatur, legiert, in Braun, an rechten Rand, Mitte)

Verwendungszweck:
Kunst

Maßstab: 1 zu 1

Veröffentlicht in:
„"Glückwunsch, Carl!" : Luxus aus Braunschweig ; [Katalog anlässlich der Ausstellung "Glückwunsch Carl! - Luxus aus Braunschweig" im Städtischen Museum Braunschweig vom 20. Juni - 6. Oktober 2013]. Luxus aus Braunschweig“. Städtisches Museum, Braunschweig, 2013. (S. 14-15, Nr. 2.)</marc:subfield>
          </marc:datafield>
          <marc:datafield tag="500" ind1=" " ind2=" ">
            <marc:subfield code="a">Kauf

28.03.1980

VerkäuferIn: Galerie Neuse &lt;Bremen&gt;</marc:subfield>
          </marc:datafield>
          <marc:datafield tag="650" ind1="1" ind2=" ">
            <marc:subfield code="a">Kunstwerk</marc:subfield>
          </marc:datafield>
          <marc:datafield tag="650" ind1="1" ind2=" ">
            <marc:subfield code="a">Malerei &gt; Porzellangemälde</marc:subfield>
          </marc:datafield>
          <marc:datafield tag="650" ind1="1" ind2=" ">
            <marc:subfield code="a">Malerei &gt; Miniatur</marc:subfield>
          </marc:datafield>
          <marc:datafield tag="650" ind1="1" ind2=" ">
            <marc:subfield code="a">Malerei</marc:subfield>
          </marc:datafield>
          <marc:datafield tag="773" ind1="0" ind2=" ">
            <marc:subfield code="t">Sammlung Malerei</marc:subfield>
          </marc:datafield>
          <marc:datafield tag="852" ind1=" " ind2=" ">
            <marc:subfield code="a">Städtisches Museum Braunschweig</marc:subfield>
          </marc:datafield>
          <marc:datafield tag="852" ind1=" " ind2=" ">
            <marc:subfield code="a">Berlin</marc:subfield>
          </marc:datafield>
          <marc:datafield tag="" ind1=" " ind2=" ">
            <marc:subfield code="a">Namensnennung - Nicht kommerziell - Keine Bearbeitungen 4.0 International (CC BY-NC-ND 4.0)</marc:subfield>
          </marc:datafield>
        </marc:record>
      </metadata>
    </record>
  </GetRecord>
</OAI-PMH>
